000 00738nam a2200217 a 4500
001 000024773
005 20200930023348.0
008 110204s1998 dr 001 0 spa d
040 _aDO-SdBNP
_bspa
_cBNPHU
082 _a188
_bA643a
100 1 _aApolión, Abadón
_950852
245 1 3 _aEl arte del kung-fu :
_bsistema REMA /
_cAbadón Apolión.
260 _aSanto Domingo :
_bEducativa Dominicana,
_c1998.
300 _a69 p. ;
_c21 cm.
500 _aGlosario: p.68.
500 _aIncluye referencias bibliográficas y notas al pie de las páginas.
504 _aBibliografía: p. 69
650 4 _aEstoicismo
_938182
650 4 _aFilosofía antigua
_xEnsayos, conferencias, etc.
_950853
910 _aValidado. Control de calidad EMS
999 _c24266
_d24266